1984 1377 1600 1618 1074 1600 1781 1686 1793 1930 1815 1770 1839 1585 1141 1780 1067 1401 1392 1538 1936 1563 1024 1351 1131 1584 1486 1087 1487 1526 1484 1753 1462 1219 1172 1322 1895 1824 1134 1736 1456 1212 1673 1267 1973 1789 1098 1007 1695 1415 1984 1975 1623 1797 1974 1024 1853 1371 1537 1685 1431 1966 1013 1089 1200 1576 1242 1061 1349 1623 1391 1752 1884 1769 1762 1930 1926 1722 1868 1649 1316 1251 1775 1425 1171 1446 1695 1807 1321 2000 1027 1275 1824 1893 1808 1759 1766 1683 1323 BCNSPRNW ULIB Ver.6.0+V

เปลี่ยนเป็นภาษาไทย

Change to English
 แสดงรายละเอียดบรรณานุกรม
  กลับหน้าหลัก

Brief Record : Get Marc (ISO 2709) : E-mail record : QR code < ปิดหน้าต่าง
LEADER : 00000nam a2200000 a 4500
001    13399126966
003     ULIB
008    190513s2562 th a 000 0 tha d
020    ^a9786164789678
040    ^acl
050  4 ^aPE1116.M44^bท637ภ
100 1  ^aเทย์, จอย
245 10 ^aภาษาอังกฤษทางคลินิก แพทย์ & พยาบาล =^bClinical English /^cJoyTay
246 31 ^aClinical English
250    ^aพิมพ์ครั้งที่ 1
260    ^aกรุงเทพฯ :^bสำนักพิมพ์จุฬาลงกรณ์มหาวิทยาลัย,^c2562
300    ^a303 หน้า :^bภาพประกอบ ;^c21 ซม.
650  4 ^aภาษาอังกฤษ^xบทสนทนาและวลี (สำหรับบุคลากรทางการแพทย์)
650  4 ^aภาษาอังกฤษสำหรับพยาบาล
650  4 ^aภาษาอังกฤษ^xการใช้ภาษา
945    ^p750^l0^i27743
945    ^p750^l0^i27746
945    ^p750^l0^i27742
945    ^p750^l0^i27744
945    ^p750^l0^i27745
945    ^p750^l0^i28048
945    ^p750^l0^i28049
945    ^p750^l0^i28050
945    ^p750^l0^i28051
945    ^p750^l0^i28052
995    ^aกัณชพร จุลอักษร
999    ^aกัณชพร
รายการนี้ยังไม่มีแท็ก
คุณยังไม่ได้ล็อกอิน คุณสามารถมีกิจกรรมร่วมกับเว็บไซต์ได้ แต่ต้องล็อกอินก่อน ::
  ล็อกอิน

รายการสื่อสารสนเทศ

ลำดับที่ ประเภท เลขเรียก/บาร์โค้ด สถานที่ สถานะ
1. หนังสือสำรอง
หนังสือสำรอง
PE1116.M44 ท637ภ ฉ.1 
  Barcode: 27742
ห้องสมุดวิทยาเขตนครสวรรค์
►หนังสือทั่วไป:l:General Books
บนชั้น
2. วิทยาศาสตร์การแพทย์ และสุขภาพ
วิทยาศาสตร์การแพทย์ และสุขภาพ
PE1116.M44 ท637ภ ฉ.10 
  Barcode: 28052
ห้องสมุดวิทยาเขตนครสวรรค์
►หนังสือทั่วไป:l:General Books
บนชั้น
3. วิทยาศาสตร์การแพทย์ และสุขภาพ
วิทยาศาสตร์การแพทย์ และสุขภาพ
PE1116.M44 ท637ภ ฉ.2 
  Barcode: 27743
ห้องสมุดวิทยาเขตนครสวรรค์
►หนังสือทั่วไป:l:General Books
บนชั้น
4. วิทยาศาสตร์การแพทย์ และสุขภาพ
วิทยาศาสตร์การแพทย์ และสุขภาพ
PE1116.M44 ท637ภ ฉ.3 
  Barcode: 27744
ห้องสมุดวิทยาเขตนครสวรรค์
►หนังสือทั่วไป:l:General Books
บนชั้น
5. วิทยาศาสตร์การแพทย์ และสุขภาพ
วิทยาศาสตร์การแพทย์ และสุขภาพ
PE1116.M44 ท637ภ ฉ.4 
  Barcode: 27745
ห้องสมุดวิทยาเขตนครสวรรค์
►หนังสือทั่วไป:l:General Books
บนชั้น
6. วิทยาศาสตร์การแพทย์ และสุขภาพ
วิทยาศาสตร์การแพทย์ และสุขภาพ
PE1116.M44 ท637ภ ฉ.5 
  Barcode: 27746
ห้องสมุดวิทยาเขตนครสวรรค์
►หนังสือทั่วไป:l:General Books
บนชั้น
7. วิทยาศาสตร์การแพทย์ และสุขภาพ
วิทยาศาสตร์การแพทย์ และสุขภาพ
PE1116.M44 ท637ภ ฉ.6 
  Barcode: 28048
ห้องสมุดวิทยาเขตนครสวรรค์
►หนังสือทั่วไป:l:General Books
บนชั้น
8. วิทยาศาสตร์การแพทย์ และสุขภาพ
วิทยาศาสตร์การแพทย์ และสุขภาพ
PE1116.M44 ท637ภ ฉ.7 
  Barcode: 28049
ห้องสมุดวิทยาเขตนครสวรรค์
►หนังสือทั่วไป:l:General Books
บนชั้น
9. วิทยาศาสตร์การแพทย์ และสุขภาพ
วิทยาศาสตร์การแพทย์ และสุขภาพ
PE1116.M44 ท637ภ ฉ.8 
  Barcode: 28050
ห้องสมุดวิทยาเขตนครสวรรค์
►หนังสือทั่วไป:l:General Books
บนชั้น
10. วิทยาศาสตร์การแพทย์ และสุขภาพ
วิทยาศาสตร์การแพทย์ และสุขภาพ
PE1116.M44 ท637ภ ฉ.9 
  Barcode: 28051
ห้องสมุดวิทยาเขตนครสวรรค์
►หนังสือทั่วไป:l:General Books
บนชั้น

รายการใกล้เคียง
    ผู้แต่ง [เทย์, จอย]

    หัวเรื่อง [ภาษาอังกฤษสำหรับพยาบาล]
    หัวเรื่อง [ภาษาอังกฤษ การใช้ภาษา]

BibComment


ยังไม่เคยถูกคอมเมนท์

คอมเมนท์ทรัพยากรรายการนี้
  คอมเมนท์: ภาษาอังกฤษทางคลิ..


 Copyright 2026. Bcnsprnw @Library